00836nam a22002177a 450000500170000000800410001702000150005804000250007304100080009808200160010610000190012224501250014126000800026630000430034650000600038950200150044965000240046465000270048865000240051585600790053920200104041624.0140312b2004 xxu||||| |||| 00| 0 spa d a9076894515 aCO-BoIAVHcCO-BoIAVH aeng a599.5bK92f aKreb, Danielle10aFacultative river dolphins : bconservation and social ecology of freshwater and coastal Irrawaddy dolphins in Indonesia aAmsterdam:bInstitute for Biodiversity and Ecosystem Dinamics IBED; c2004. a230 p. e+ DVD CID-059977bil.c24 cm. aIncluye DVD CID-059977 Pesus Mahakam Irrawaddy Dolphin aPhD thesis 0aDelfineszIndonesia 0aDelfines de agua dulce 0aEspecies amenazadas uhttps://dare.uva.nl/search?identifier=091e9f80-69fe-4ee9-a8d5-682268a54502